Basic Electrical and Electronics Engineering_2nd Edition (Record no. 38047)
[ view plain ]
| 000 -LEADER | |
|---|---|
| fixed length control field | 00934nam a22001697a 4500 |
| 020 ## - INTERNATIONAL STANDARD BOOK NUMBER | |
| ISBN | 978-9389811247 |
| 082 ## - DEWEY DECIMAL CLASSIFICATION NUMBER | |
| Classification number | 621.3 KOT |
| 100 ## - MAIN ENTRY--AUTHOR NAME | |
| Personal name | Kothari D P |
| 100 ## - MAIN ENTRY--AUTHOR NAME | |
| Personal name | Nagrath I J |
| 245 ## - TITLE STATEMENT | |
| Title | Basic Electrical and Electronics Engineering_2nd Edition |
| 250 ## - EDITION STATEMENT | |
| Edition statement | 2 |
| 260 ## - PUBLICATION, DISTRIBUTION, ETC. (IMPRINT) | |
| Name of publisher | Mc Graw Hill |
| Place of publication | New Delhi |
| Year of publication | 2024 |
| 520 ## - SUMMARY, ETC. | |
| Summary, etc | This second edition of the book has been carefully revised to include important topicslike domestic Wiring, electrical installations, instrument transformers, battery, etc. Written in a lucid manner, It enables the learners to apply the basic concepts of electrical and Electronics Engineering for multi-disciplinary tasks and lays the foundation for higher levelcourses. Rich pool of problems and appendices enhance the utility of the book and make it a lasting resource for students and instructors of all branches of engineering |
| 650 ## - SUBJECT ADDED ENTRY--TOPICAL TERM | |
| Topical Term | EEE |
| 942 ## - ADDED ENTRY ELEMENTS (KOHA) | |
| Koha item type | Text Book |
| 952 ## - LOCATION AND ITEM INFORMATION (KOHA) | |
| Damaged status | |
| Not for loan | |
| 952 ## - LOCATION AND ITEM INFORMATION (KOHA) | |
| Damaged status | |
| Not for loan | |
| 952 ## - LOCATION AND ITEM INFORMATION (KOHA) | |
| Damaged status | |
| Not for loan | |
| Withdrawn status | Collection code | Permanent Location | Current Location | Shelving location | Date acquired | Source of acquisition | Cost, normal purchase price | Inventory number | Full call number | Accession Number | Price effective from | Koha item type |
|---|---|---|---|---|---|---|---|---|---|---|---|---|
| Electrical and Electronics Engineering | VAST Central Library | VAST Central Library | S-42/EE | 14/11/2025 | Minerva Books | 975.00 | 86 | 621.3 KOT | 38153 | 01/12/2025 | Text Book | |
| Electrical and Electronics Engineering | VAST Central Library | VAST Central Library | S-42/EE | 14/11/2025 | Minerva Books | 975.00 | 86 | 621.3 KOT | 38154 | 01/12/2025 | Text Book | |
| Electrical and Electronics Engineering | VAST Central Library | VAST Central Library | S-42/EE | 14/11/2025 | Minerva Books | 975.00 | 86 | 621.3 KOT | 38155 | 01/12/2025 | Text Book |